000 00959nam a2200277Ia 4500
005 20220317001053.0
008 160825s2007 sp a g 000 0 spa
020 _a9788493078012
082 0 4 _a909
_bG65b
100 1 _aGombrich, Ernst Hans Joseph
_d1909-2001
245 1 0 _aBreve historia del mundo
_bel recuerdo nos sirve para proyectar luz sobre el pasado
_cErnst H. Gombrich ; traducción de José Luis Gil Aristu
250 _a1a. edición
300 _a349 páginas
_bilustraciones
_c22 cm
490 _aAtalaya
650 1 4 _2LEMB
_aHistoria universal
650 1 4 _2LEMB
_aHistoria medieval
650 1 4 _2LEMB
_aHistoria antigua
650 1 4 _2LEMB
_aHistoria moderna
700 1 _aGil Aristu, José Luis
_965255
942 _2ddc
_cBK
264 _aBarcelona
_bPenínsula
_c2007
336 _atexto
_btxt
_2rdacontent
337 _asin mediación
_bn
_2rdamedia
338 _avolumen
_bnc
_2rdacarrier
040 _aCO-BoRNBP
_bspa
_erda
_cCO-BoRNBP
999 _c5847
_d5847